Geografía de Europa: Libro II

Gespeichert in:
Bibliographische Detailangaben
1. Verfasser: Palau Vera, J Dirección
Format: keine Angabe
Sprache:Spanisch
Erschienen: Barcelona, España 1933
Katalog:MANES:  Suchergebnis im Bibliothekskatalog
Schulbuchspezifische Eigenschaften:
Schriftenreihe:Cuadernos: Edición Económica de textos modernos
Schlagworte:
Tags: Tag hinzufügen
Keine Tags, Fügen Sie den ersten Tag hinzu!
Hinzugefügt zu:26.04.2016

MARC

LEADER 000000000a22000000004500
001 39826
008 160427s sp ||||| |||| 00| 0 spa d
040 |a MANES  |c manes 
100 1 |a Palau Vera, J  |b Dirección 
245 0 0 |a Geografía de Europa: Libro II 
260 |a Barcelona, España  |c 1933 
300 |a 32p.  |c 22 x 18 cm 
490 |a Cuadernos: Edición Económica de textos modernos 
500 |a Se trata de una serie de obras que sin cuidar tanto las formas (presentación, texto, etc.)pretendía llegar a las escuelas populares 
546 |a España 
655 7 |a Primaria 
942 |2 ddc  |c BK 
999 |c 44142  |d 44142 
999 |c manes:44142  |d 44142